Thinking about architecture : an introduction to architectural theory /

Bibliographic Details
Main Author: Davies, Colin, 1929-
Format: Book
Language:English
Published: London : Laurence King Publishing, 2011.
Subjects:

MARC

Tag First Indicator Second Indicator Subfields
LEADER 00000cam a2200000Ia 4500
001 in00002734821
005 20151202144454.0
008 110427s2011 enka b 001 0 eng d
016 7 |a 015846979  |2 Uk 
020 |a 9781856697552 
020 |a 185669755X 
029 1 |a AU@  |b 000047965723 
035 |a (OCoLC)ocn719428893 
035 |a (OCoLC)719428893 
040 |a BTCTA  |b eng  |c BTCTA  |d UKMGB  |d YDXCP  |d CDX  |d TOH  |d C6I  |d NDD  |d UtOrBLW 
049 |a TXAM 
050 4 |a NA2500  |b .D38 2011 
100 1 |a Davies, Colin,  |d 1929- 
245 1 0 |a Thinking about architecture :  |b an introduction to architectural theory /  |c Colin Davies. 
264 1 |a London :  |b Laurence King Publishing,  |c 2011. 
300 |a 160 pages :  |b cheafly color illustrations ;  |c 25 cm. 
336 |a text  |b txt  |2 rdacontent 
337 |a unmediated  |b n  |2 rdamedia 
338 |a volume  |b nc  |2 rdacarrier 
504 |a Includes bibliographical references (pages 157-160) and index. 
650 0 |a Architecture  |x Philosophy. 
650 0 |a Architecture  |x Psychological aspects. 
938 |a Baker and Taylor  |b BTCP  |n BK0009792844 
938 |a YBP Library Services  |b YANK  |n 6847720 
938 |a Coutts Information Services  |b COUT  |n 17815188 
947 |a A14840511470 
945 |a PromptCat  |b 670262 
946 |a stk 
994 |a 92  |b TXA 
948 |a Cataloged  |b h  |c 2011/12/5  |d c  |e EGrant 
999 |a MARS 
999 f f |s ccd2c3cb-dd37-3d5c-bef7-18fabb2c3efa  |i d639cdbe-6181-3b44-8a6e-926ddff02ac3  |t 0 
952 f f |p normal  |a Texas A&M University  |b College Station  |c Sterling C. Evans Library  |d Evans: Library Stacks  |t 0  |e NA2500 .D38 2011  |h Library of Congress classification  |i unmediated -- volume  |m A14840511470 
998 f f |a NA2500 .D38 2011  |t 0  |l Evans: Library Stacks